000 00692nam a2200181Ia 4500
008 090124s9999 xx 000 0 und d
082 _b7096
100 _aसिन्दकर नरेंद्र
245 _a क्रेमलिनच्य़ा बुरुजावरुन
250 _a1
260 _bअभिनव प्रकाशन
_c1974
300 _a246
600 _aसिन्दकर नरेंद्र
630 _a क्रेमलिनच्य़ा बुरुजावरुन
700 _aसिन्दकर नरेंद्र
730 _a क्रेमलिनच्य़ा बुरुजावरुन
942 _cBOOK
999 _c85235
_d85235